000 00895nam a2200241Ia 4500
003 OSt
005 20220923225312.0
006 a|||||r|||| 00| 0
007 ta
008 220922b |||||||| |||| 00| 0 hin d
024 _a262,298
037 _cTextual
040 _aARTS
_cARTS
_bhin
041 _2hin
_ahin
082 _aO15,1x, 152M8
100 _aवर्मा, महेन्द्र विक्रम; मजूमदार, रानी, संपा.
_9168583
245 0 _aमत्तविलास प्रहसन
246 _aMattavilās prahasana
260 _aअलीगढ़
_b विवेक
_c1988
650 _aसंस्कृत साहित्य
942 _hO15,1x, 152M8
_cTEXL
_2CC
999 _c377371
_d377371